000 00603nam a2200217Ia 4500
001 14997
003 GE_BSU
008 181216s||||||||xx |||||||||||||| ||und||
040 _cGE_BSU
080 _a51(075.8)
100 _aБугров, Я.С. Никольский,С. М.
245 _aЗадачник
245 _bучеб. пособие для студ. инженерно-техническ. спец вузов
250 _a2-е изд.
260 _aМосква
260 _bНаука
260 _c1987
300 _a252стр.20см.
653 _aЗадачник
942 _cBK
999 _c48116
_d48116